[Event "Accentus Young Masters 2019"]
[Site "Bad Ragaz"]
[Date "2019.02.27"]
[Round "1.1"]
[White "Alboronz Cabrera, Carlos Daniel"]
[Black "Wagner, Dennis"]
[Result "1/2-1/2"]
[WhiteElo "2577"]
[BlackElo "2579"]
[Annotator "RC"]
[PlyCount "59"]
[EventDate "2019.02.27"]
[EventType "tourn"]
[EventCountry "SUI"]
[SourceTitle "playchess.com"]
[Source "ChessBase"]
[SourceQuality "1"]
[TimeControl "40/5400+30:1800+30"]

1. Nf3 {[%emt 0:00:00]} Nf6 {[%emt 0:00:00]} 2. c4 {[%emt 0:00:00]} c5 {[%emt 0:00:00]} 3. Nc3 {[%emt 0:00:30]} Nc6 {[%emt 0:00:23]} 4. g3 {[%emt 0:00:26]} d5 {[%emt 0:00:17]} 5. d4 {[%emt 0:00:06]} cxd4 {[%emt 0:00:58]} 6. Nxd4 {[%emt 0:00:08]} dxc4 {[%emt 0:00:10]} 7. Nxc6 {[%emt 0:00:06]} Qxd1+ {[%emt 0:00:09]} 8. Nxd1 {[%emt 0:00:04]} bxc6 {[%emt 0:00:09]} 9. Bg2 {[%emt 0:01:41]} Nd5 {[%emt 0:00:18]} 10. Ne3 {[%emt 0:04:23]} e6 {[%emt 0:00:30]} 11. Nxc4 {[%emt 0:03:07]} Ba6 {[%emt 0:00:15]} 12. b3 {[%emt 0:07:42]} Bb4+ {[%emt 0:00:09]} 13. Bd2 {[%emt 0:00:08]} Ke7 {[%emt 0:00:12]} 14. Bxb4+ {[%emt 0:03:24]} Nxb4 {[%emt 0:00:09]} 15. O-O {[%emt 0:02:16]} Bxc4 {[%emt 0:02:33]} 16. bxc4 {[%emt 0:00:07]} Rab8 {[%emt 0:05:52]} 17. a3 {[%emt 0:10:05]} Na6 {[%emt 0:00:23]} 18. Bxc6 {[%emt 0:01:37]} Rhc8 {[%emt 0:00:37]} 19. Be4 {[%emt 0:00:46]} Rxc4 {[%emt 0:05:28]} 20. Bd3 {[%emt 0:00:26]} Rc6 {[%emt 0:13:33]} 21. Rfc1 {[%emt 0:13:59]} Rbc8 {[%emt 0:00:56]} 22. Rxc6 {[%emt 0:01:50]} Rxc6 {[%emt 0:00:02]} 23. Rb1 {[%emt 0:02:30]} Nc5 {[%emt 0:01:57]} 24. Rc1 {[%emt 0:00:47]} f5 {[%emt 0:20:35]} 25. Bb5 {[%emt 0:02:20]} Rc7 {[%emt 0:00:06]} 26. Kg2 {[%emt 0:05:18]} Kd6 {[%emt 0:17:13]} 27. Rd1+ {[%emt 0:00:23]} Ke7 {[%emt 0:00:04]} 28. Rc1 {[%emt 0:06:12]} Kd6 {[%emt 0:00:08]} 29. Rd1+ {[%emt 0:00:38]} Ke7 {[%emt 0:00:06]} 30. Rc1 {[%emt 0:00:07]} 1/2-1/2

[Event "Accentus Young Masters 2019"]
[Site "Bad Ragaz"]
[Date "2019.02.27"]
[Round "1.2"]
[White "Petrov, Nikita"]
[Black "Colmenares, Aurelio"]
[Result "1-0"]
[WhiteElo "2585"]
[BlackElo "2341"]
[Annotator "TA"]
[PlyCount "53"]
[EventDate "2019.02.27"]
[EventType "tourn"]
[EventCountry "SUI"]
[SourceTitle "playchess.com"]
[Source "ChessBase"]
[SourceQuality "1"]

{[%evp 9,53,6,22,26,26,25,18,23,36,33,85,81,75,68,99,93,120,121,120,112,139,73,165,152,149,151,170,168,177,168,151,85,536,525,637,627,651,661,655,654,861,775,766,749,1005,763]} 1. d4 Nf6 2. Nf3 g6 3. c4 Bg7 4. Nc3 d5 5. h4 c6 6. cxd5 {D90: Grünfeld: 4 Nf3 Bg7 sidelines} cxd5 7. Bf4 Nc6 8. e3 {The position is equal.} a6 (8... O-O 9. Qb3 Na5 10. Qa3 Nc4 11. Bxc4 dxc4 12. O-O Bd7 {½-½ (74) Fedoseev,V (2724)-Carlsen,M (2835) Wijk aan Zee 2019}) 9. Ne5 $146 ({Predecessor:} 9. Be2 Bg4 10. Ne5 Bxe2 11. Qxe2 Rc8 12. Nxc6 Rxc6 {0-1 (54) Tunik,G (2401)-Triapishko,A (2478) Taganrog 2017}) 9... Qa5 (9... O-O $14) 10. Qa4 Qb6 11. Qb3 Qd8 12. Be2 h6 13. O-O O-O 14. Rfc1 e6 15. Na4 (15. Nxc6 $142 bxc6 16. Na4) 15... Nd7 (15... Nxe5 $16 16. Nb6 (16. dxe5 Nd7 $11) (16. Bxe5 b5 $14) 16... Nc4 $1 {[%mdl 512]}) 16. Nxd7 Bxd7 17. Nb6 (17. Qxb7 Nxd4 18. exd4 Bxa4 $11) 17... Ra7 18. Bd6 Be8 19. Bc5 Qxh4 {[#]} 20. Rc2 ({Much less strong is} 20. Bxf8 Bxf8 21. g3 Qg5 $16) (20. Nc8 $142 $1 {[%cal Rc8a7]} Ra8 21. Nd6 (21. Qxb7 Rb8 $16) (21. Bxf8 Bxf8 22. Nb6 Bd6 $11)) 20... f5 $2 {[%mdl 8192]} (20... Qd8 $16) 21. Nc8 {White is clearly winning.} Ra8 22. Bxf8 Bxf8 23. Qxb7 {[%mdl 64] Double Attack} Rb8 {[#]} 24. Qc7 $1 Nb4 25. Qxb8 Nxc2 26. Rc1 Nb4 27. Nd6 {Accuracy: White = 89%, Black = 17%.} 1-0

[Event "Accentus Young Masters 2019"]
[Site "Bad Ragaz"]
[Date "2019.02.27"]
[Round "1.3"]
[White "Stijve, Theo"]
[Black "Studer, Noel"]
[Result "0-1"]
[WhiteElo "2339"]
[BlackElo "2494"]
[Annotator "ChessBase"]
[PlyCount "66"]
[EventDate "2019.02.27"]
[EventType "tourn"]
[EventCountry "SUI"]
[SourceTitle "playchess.com"]
[Source "ChessBase"]
[SourceQuality "1"]
[TimeControl "40/5400+30:1800+30"]

1. e4 {[%emt 0:00:02]} e5 {[%emt 0:00:13]} 2. Nf3 {[%emt 0:00:15]} Nc6 {[%emt 0:00:06]} 3. Bb5 {[%emt 0:00:11]} Nge7 {[%emt 0:00:11]} 4. Nc3 {[%emt 0:00:29]} d6 {[%emt 0:00:18]} 5. O-O {[%emt 0:09:04]} a6 {[%emt 0:00:32]} 6. Ba4 {[%emt 0:02:24]} Bd7 {[%emt 0:03:19]} 7. a3 {[%emt 0:09:24]} g6 {[%emt 0:01:15]} 8. d4 {[%emt 0:03:41]} Bg7 {[%emt 0:04:09]} 9. dxe5 {[%emt 0:10:04]} Nxe5 {[%emt 0:01:04]} 10. Nxe5 {[%emt 0:01:27]} Bxe5 {[%emt 0:00:09]} 11. Bxd7+ {[%emt 0:04:56]} Qxd7 {[%emt 0:00:07]} 12. Be3 {[%emt 0:05:32]} Nc6 {[%emt 0:13:56]} 13. f4 {[%emt 0:03:44]} Bxc3 {[%emt 0:02:37]} 14. bxc3 {[%emt 0:00:08]} f5 {[%emt 0:00:08]} 15. Rb1 {[%emt 0:15:10]} O-O-O {[%emt 0:03:08]} 16. Qd3 {[%emt 0:04:48]} fxe4 {[%emt 0:02:24]} 17. Qxe4 {[%emt 0:00:18]} Rde8 {[%emt 0:00:10]} 18. Qd3 {[%emt 0:01:57]} Qf5 {[%emt 0:00:26]} 19. Qxf5+ {[%emt 0:09:26]} gxf5 {[%emt 0:00:06]} 20. Rf3 {[%emt 0:00:16]} Re4 {[%emt 0:01:01]} 21. Rd1 {[%emt 0:02:53]} Na5 {[%emt 0:11:21]} 22. Rh3 {[%emt 0:10:07]} Nc4 {[%emt 0:26:24]} 23. Bd4 {[%emt 0:01:59]} Rhe8 {[%emt 0:00:04]} 24. Rxh7 {[%emt 0:00:56]} Nxa3 {[%emt 0:00:08]} 25. Rd2 {[%emt 0:02:24]} Re1+ {[%emt 0:02:14]} 26. Kf2 {[%emt 0:00:10]} Nc4 {[%emt 0:01:05]} 27. Rd3 {[%emt 0:00:42]} a5 {[%emt 0:00:36]} 28. Be5 {[%emt 0:01:00]} Rc1 {[%emt 0:00:23]} 29. Rd4 {[%emt 0:00:30]} b5 {[%emt 0:00:12]} 30. Bf6 {[%emt 0:00:27]} Rxc2+ {[%emt 0:00:03]} 31. Kg3 {[%emt 0:00:10]} Re3+ {[%emt 0:00:33]} 32. Kh4 {[%emt 0:00:04]} Rxg2 {[%emt 0:00:05]} 33. Rh8+ {[%emt 0:01:06]} Kb7 {[%emt 0:00:04]} 0-1

[Event "Accentus Young Masters 2019"]
[Site "Bad Ragaz"]
[Date "2019.02.27"]
[Round "1.4"]
[White "Horvath, Dominik"]
[Black "Yankelevich, Lev"]
[Result "1/2-1/2"]
[WhiteElo "2419"]
[BlackElo "2445"]
[Annotator "TA"]
[PlyCount "60"]
[EventDate "2019.02.27"]
[EventType "tourn"]
[EventCountry "SUI"]
[SourceTitle "playchess.com"]
[Source "ChessBase"]
[SourceQuality "1"]

{[%evp 23,60,0,4,27,13,0,52,4,4,0,0,0,1,-20,0,-29,-25,-31,-33,-34,-23,-46,-11,-28,-27,-28,-43,-36,-15,-16,-27,-29,0,0,0,-41,0,0,0]} 1. c4 g6 2. g3 Bg7 3. Bg2 e5 4. Nc3 f5 5. d3 Nf6 6. e4 O-O 7. Nge2 Nc6 8. O-O d6 9. Nd5 Nh5 10. exf5 {A26: English Opening vs King's Indian with ...Nc6 and d3} Bxf5 11. h3 Be6 12. Be3 Qd7 {LiveBook: 4 Games} 13. g4 Nf6 {[#]} 14. Nxf6+ $146 ({Predecessor:} 14. Ng3 Kh8 15. Rc1 Rae8 16. a3 Nd4 17. Nxf6 Bxf6 18. Bxd4 exd4 19. f4 c6 20. Ne4 Bg7 21. Rc2 d5 22. Nc5 Qe7 23. Nxe6 Qxe6 24. cxd5 cxd5 {½-½ (24) Huebner,R (2602)-Kanep,M (2523) Finland 2008}) 14... Rxf6 (14... Bxf6 $11 15. f4 Rad8) 15. Nc3 Kh8 16. Ne4 Rff8 17. b4 Bg8 18. Rb1 Nd8 {[%cal Bc6d8,Bd8e6,Be6d4][%mdl 32]} 19. f4 exf4 20. Rxf4 Rxf4 21. Bxf4 Ne6 22. Be3 Nd4 23. Qd2 Rf8 24. Rf1 Rxf1+ 25. Kxf1 d5 26. cxd5 Bxd5 27. Kg1 Qf7 {aiming for ...Nf3+.} 28. Ng5 Qd7 29. Ne4 Qf7 {And now ...Nf3+ would win.} 30. Ng5 Qd7 {Precision: White = 53%, Black = 54%.} 1/2-1/2

[Event "Accentus Young Masters 2019"]
[Site "Bad Ragaz"]
[Date "2019.02.27"]
[Round "1.5"]
[White "Engel, Luis"]
[Black "Kurmann, Oliver"]
[Result "1/2-1/2"]
[WhiteElo "2469"]
[BlackElo "2454"]
[Annotator "ChessBase"]
[PlyCount "81"]
[EventDate "2019.02.27"]
[EventType "tourn"]
[EventCountry "SUI"]
[SourceTitle "playchess.com"]
[Source "ChessBase"]
[SourceQuality "1"]
[TimeControl "40/5400+30:1800+30"]

1. e4 {[%emt 0:00:00]} e5 {[%emt 0:00:00]} 2. Nf3 {[%emt 0:00:00]} Nc6 {[%emt 0:00:00]} 3. Bb5 {[%emt 0:00:00]} a6 {[%emt 0:00:00]} 4. Ba4 {[%emt 0:00:00]} Nf6 {[%emt 0:00:04]} 5. d3 {[%emt 0:00:01]} d6 {[%emt 0:08:37]} 6. c3 {[%emt 0:00:40]} Bd7 {[%emt 0:13:16]} 7. O-O {[%emt 0:02:40]} g6 {[%emt 0:00:05]} 8. h3 {[%emt 0:06:17]} Bg7 {[%emt 0:00:17]} 9. Be3 {[%emt 0:00:10]} O-O {[%emt 0:02:21]} 10. Nbd2 {[%emt 0:00:19]} Re8 {[%emt 0:04:23]} 11. Re1 {[%emt 0:03:05]} h6 {[%emt 0:02:12]} 12. Nf1 {[%emt 0:05:40]} d5 {[%emt 0:21:22]} 13. Ng3 {[%emt 0:08:21]} dxe4 {[%emt 0:18:11]} 14. dxe4 {[%emt 0:00:44]} b5 {[%emt 0:00:25]} 15. Bc2 {[%emt 0:05:55]} Na5 {[%emt 0:00:10]} 16. Qc1 {[%emt 0:03:23]} Kh7 {[%emt 0:01:19]} 17. Rd1 {[%emt 0:07:51]} Qe7 {[%emt 0:08:19]} 18. b4 {[%emt 0:06:14]} Nb7 {[%emt 0:00:21]} 19. Bb3 {[%emt 0:02:38]} a5 {[%emt 0:02:01]} 20. Ne1 {[%emt 0:06:39]} a4 {[%emt 0:02:32]} 21. Bc2 {[%emt 0:00:06]} c5 {[%emt 0:00:06]} 22. Nd3 {[%emt 0:08:44]} c4 {[%emt 0:00:14]} 23. Nc5 {[%emt 0:00:20]} Bc6 {[%emt 0:00:08]} 24. f3 {[%emt 0:05:42]} Rad8 {[%emt 0:02:07]} 25. Rxd8 {[%emt 0:02:34]} Rxd8 {[%emt 0:00:12]} 26. Qe1 {[%emt 0:00:50]} Nd7 {[%emt 0:06:03]} 27. Nxd7 {[%emt 0:03:11]} Rxd7 {[%emt 0:00:08]} 28. Qf2 {[%emt 0:01:14]} Nd8 {[%emt 0:01:05]} 29. Rf1 {[%emt 0:01:25]} Kg8 {[%emt 0:02:33]} 30. Ne2 {[%emt 0:02:06]} Ne6 {[%emt 0:01:19]} 31. a3 {[%emt 0:01:06]} Rd8 {[%emt 0:01:51]} 32. Qg3 {[%emt 0:01:52]} h5 {[%emt 0:00:31]} 33. Qe1 {[%emt 0:07:13]} Bf6 {[%emt 0:02:02]} 34. Kh1 {[%emt 0:03:25]} Bg5 {[%emt 0:00:59]} 35. Qc1 {[%emt 0:00:15]} h4 {[%emt 0:00:32]} 36. Bxg5 {[%emt 0:05:13]} Nxg5 {[%emt 0:00:07]} 37. Qe3 {[%emt 0:00:21]} Ne6 {[%emt 0:00:40]} 38. Rd1 {[%emt 0:01:19]} Rxd1+ {[%emt 0:01:08]} 39. Bxd1 {[%emt 0:00:06]} Qd6 {[%emt 0:01:05]} 40. Bc2 {[%emt 0:00:08]} g5 {[%emt 0:00:17]} 41. Kg1 {[%emt 0:31:16]} 1/2-1/2

[Event "Accentus Young Masters 2019"]
[Site "Bad Ragaz"]
[Date "2019.02.28"]
[Round "2.1"]
[White "Wagner, Dennis"]
[Black "Kurmann, Oliver"]
[Result "1-0"]
[WhiteElo "2587"]
[BlackElo "2454"]
[Annotator "TA"]
[PlyCount "65"]
[EventDate "2019.02.27"]
[EventType "tourn"]
[EventCountry "SUI"]
[SourceTitle "playchess.com"]
[Source "ChessBase"]
[SourceQuality "1"]

{[%evp 16,65,23,38,33,34,47,50,62,59,49,56,101,95,104,93,142,158,189,179,198,194,232,237,231,247,209,197,298,298,347,271,451,420,439,370,365,367,377,367,533,550,501,482,589,591,607,591,749,720,798,795]} 1. e4 c5 2. Nf3 e6 3. d4 cxd4 4. Nxd4 a6 5. c4 Nf6 6. Nc3 Qc7 7. Be2 Bb4 8. Nc2 Bxc3+ {B41: Sicilian: Kan Variation: 5 c4} 9. bxc3 {LiveBook: 7 Games} d6 10. f3 {Ba3 is the strong threat.} O-O {White is slightly better.} 11. Bg5 $146 ({Predecessor:} 11. O-O Nbd7 12. Qd4 e5 13. Qf2 Nc5 14. Bg5 Nfd7 15. a4 f6 16. Be3 {0-1 (57) Ganguly,S (2652)-Bocharov,D (2573) Ulaanbaatar 2018}) 11... Nc6 12. Qd2 Nd7 13. Rd1 Qa5 14. Nb4 f6 15. Bf4 Nde5 16. Nxc6 ({Weaker is} 16. Qxd6 Rd8 $17) 16... bxc6 17. Qxd6 Ng6 18. Be3 ({Wrong is} 18. Qxc6 $2 Nxf4 19. Qxa8 Qb6 $19) 18... Qxc3+ {[#]} 19. Kf2 $1 Qe5 20. Qxc6 Rb8 21. Qd6 Bb7 (21... Rb2 $142 22. Qxe5 Nxe5) 22. c5 $18 Rbc8 23. Qxe5 fxe5 $2 {[#]} (23... Nxe5 24. Rd6 Bc6) 24. Bc4 Rce8 25. Ke2 Nf4+ 26. Bxf4 exf4 27. Rd6 Kf7 (27... Bc8 {might work better.} 28. c6 Re7) 28. Rb1 {White is clearly winning.} Bc8 29. Rb8 Kf6 30. Kd3 g5 31. Kd4 g4 32. fxg4 Kg5 33. Ke5 {Precision: White = 78%, Black = 45%.} 1-0

[Event "Accentus Young Masters 2019"]
[Site "Bad Ragaz"]
[Date "2019.02.28"]
[Round "2.2"]
[White "Yankelevich, Lev"]
[Black "Engel, Luis"]
[Result "1-0"]
[WhiteElo "2445"]
[BlackElo "2469"]
[Annotator "RC"]
[PlyCount "99"]
[EventDate "2019.02.27"]
[EventType "tourn"]
[EventCountry "SUI"]
[SourceTitle "playchess.com"]
[Source "ChessBase"]
[SourceQuality "1"]
[TimeControl "40/5400+30:1800+30"]

1. d4 {[%emt 0:00:00]} Nf6 {[%emt 0:00:00]} 2. c4 {[%emt 0:00:00]} e6 {[%emt 0:00:00]} 3. Nf3 {[%emt 0:00:00]} d5 {[%emt 0:00:00]} 4. g3 {[%emt 0:00:00]} Be7 {[%emt 0:00:00]} 5. Bg2 {[%emt 0:01:17]} O-O {[%emt 0:00:00]} 6. O-O {[%emt 0:00:20]} dxc4 {[%emt 0:00:03]} 7. Ne5 {[%emt 0:00:04]} Nc6 {[%emt 0:00:07]} 8. Bxc6 {[%emt 0:03:17]} bxc6 {[%emt 0:00:06]} 9. Nxc6 {[%emt 0:00:03]} Qe8 {[%emt 0:00:08]} 10. Nxe7+ {[%emt 0:00:04]} Qxe7 {[%emt 0:00:06]} 11. b3 {[%emt 0:00:14]} cxb3 {[%emt 0:00:23]} 12. Qxb3 {[%emt 0:00:53]} Rd8 {[%emt 0:02:34]} 13. Rd1 {[%emt 0:04:29]} Ba6 {[%emt 0:07:46]} 14. Nc3 {[%emt 0:00:07]} Nd5 {[%emt 0:02:44]} 15. Ba3 {[%emt 0:14:27]} Qg5 {[%emt 0:07:50]} 16. Nxd5 {[%emt 0:03:15]} exd5 {[%emt 0:01:41]} 17. Qf3 {[%emt 0:02:52]} Bc4 {[%emt 0:06:52]} 18. h4 {[%emt 0:04:17]} Qg6 {[%emt 0:01:24]} 19. Rd2 {[%emt 0:01:29]} Re8 {[%emt 0:02:37]} 20. Bc5 {[%emt 0:09:51]} Rab8 {[%emt 0:06:52]} 21. Kg2 {[%emt 0:13:04]} Qa6 {[%emt 0:05:02]} 22. Re1 {[%emt 0:02:01]} Qa5 {[%emt 0:05:03]} 23. Red1 {[%emt 0:02:32]} Bxa2 {[%emt 0:10:14]} 24. Qa3 {[%emt 0:08:37]} Qxa3 {[%emt 0:00:42]} 25. Bxa3 {[%emt 0:00:03]} Bc4 {[%emt 0:00:58]} 26. Bc5 {[%emt 0:02:34]} Bxe2 {[%emt 0:06:15]} 27. Bxa7 {[%emt 0:00:10]} Rb3 {[%emt 0:00:35]} 28. Rc1 {[%emt 0:00:37]} Bf3+ {[%emt 0:00:14]} 29. Kh2 {[%emt 0:00:25]} h6 {[%emt 0:10:08]} 30. Rdc2 {[%emt 0:03:41]} g5 {[%emt 0:00:43]} 31. Rxc7 {[%emt 0:00:17]} Re2 {[%emt 0:01:02]} 32. Rf1 {[%emt 0:09:20]} Re4 {[%emt 0:04:16]} 33. Rc8+ {[%emt 0:01:17]} Kh7 {[%emt 0:02:40]} 34. Rfc1 {[%emt 0:01:26]} Re2 {[%emt 0:03:16]} 35. Rf1 {[%emt 0:01:28]} gxh4 {[%emt 0:00:39]} 36. Bb8 {[%emt 0:01:06]} Re4 {[%emt 0:03:46]} 37. Rfc1 {[%emt 0:02:57]} Rxd4 {[%emt 0:04:00]} 38. Rf8 {[%emt 0:00:08]} Rc4 {[%emt 0:04:41]} 39. Re1 {[%emt 0:02:00]} Kg7 {[%emt 0:00:37]} 40. Ree8 {[%emt 0:00:05]} Rc1 {[%emt 0:01:06]} 41. gxh4 {[%emt 0:33:03]} Rh1+ {[%emt 0:04:21]} 42. Kg3 {[%emt 0:00:00]} Rg1+ {[%emt 0:02:41]} 43. Kf4 {[%emt 0:00:00]} Bg2 {[%emt 0:09:52]} 44. Rg8+ {[%emt 0:00:00]} Kh7 {[%emt 0:00:05]} 45. Rh8+ {[%emt 0:00:00]} Kg6 {[%emt 0:00:05]} 46. Reg8+ {[%emt 0:00:00]} Kf6 {[%emt 0:00:09]} 47. Be5+ {[%emt 0:00:00]} Ke6 {[%emt 0:00:09]} 48. Re8+ {[%emt 0:00:00]} Kd7 {[%emt 0:00:05]} 49. Rd8+ {[%emt 0:00:00]} Kc6 {[%emt 0:00:05]} 50. Rxh6+ {[%emt 0:00:00]} 1-0

[Event "Accentus Young Masters 2019"]
[Site "Bad Ragaz"]
[Date "2019.02.28"]
[Round "2.3"]
[White "Studer, Noel"]
[Black "Horvath, Dominik"]
[Result "1-0"]
[WhiteElo "2494"]
[BlackElo "2419"]
[Annotator "ChessBase"]
[PlyCount "79"]
[EventDate "2019.02.27"]
[EventType "tourn"]
[EventCountry "SUI"]
[SourceTitle "playchess.com"]
[Source "ChessBase"]
[SourceQuality "1"]
[TimeControl "40/5400+30:1800+30"]

1. d4 {[%emt 0:00:00]} d5 {[%emt 0:00:00]} 2. Nf3 {[%emt 0:00:25]} e6 {[%emt 0:00:00]} 3. c4 {[%emt 0:00:05]} a6 {[%emt 0:00:14]} 4. c5 {[%emt 0:03:00]} b6 {[%emt 0:01:25]} 5. cxb6 {[%emt 0:00:05]} c5 {[%emt 0:01:28]} 6. Qb3 {[%emt 0:09:28]} Bb7 {[%emt 0:07:26]} 7. Nc3 {[%emt 0:18:03]} cxd4 {[%emt 0:13:10]} 8. Nxd4 {[%emt 0:03:43]} Bc5 {[%emt 0:13:09]} 9. e3 {[%emt 0:00:19]} Qxb6 {[%emt 0:02:07]} 10. Na4 {[%emt 0:00:10]} Qxb3 {[%emt 0:05:37]} 11. Nxb3 {[%emt 0:00:06]} Bd6 {[%emt 0:10:15]} 12. Bd2 {[%emt 0:06:57]} Nf6 {[%emt 0:08:49]} 13. Nbc5 {[%emt 0:13:20]} Bc6 {[%emt 0:04:21]} 14. Rc1 {[%emt 0:00:52]} Bxa4 {[%emt 0:09:03]} 15. Nxa4 {[%emt 0:00:05]} Nbd7 {[%emt 0:02:07]} 16. Rc6 {[%emt 0:17:17]} Ke7 {[%emt 0:00:04]} 17. Rxa6 {[%emt 0:00:03]} Ne4 {[%emt 0:01:35]} 18. a3 {[%emt 0:01:54]} Rxa6 {[%emt 0:08:52]} 19. Bxa6 {[%emt 0:00:03]} Ndc5 {[%emt 0:00:06]} 20. Nxc5 {[%emt 0:01:18]} Nxc5 {[%emt 0:00:03]} 21. Be2 {[%emt 0:04:16]} Rb8 {[%emt 0:00:31]} 22. b4 {[%emt 0:03:59]} Ne4 {[%emt 0:02:47]} 23. Bc1 {[%emt 0:00:10]} Be5 {[%emt 0:03:24]} 24. Bd3 {[%emt 0:05:54]} Nc3 {[%emt 0:01:22]} 25. Bb2 {[%emt 0:00:53]} Kd6 {[%emt 0:01:30]} 26. g4 {[%emt 0:03:42]} g6 {[%emt 0:01:44]} 27. h4 {[%emt 0:00:56]} h6 {[%emt 0:01:05]} 28. f4 {[%emt 0:00:58]} Bh8 {[%emt 0:00:06]} 29. h5 {[%emt 0:00:05]} g5 {[%emt 0:00:27]} 30. fxg5 {[%emt 0:00:30]} hxg5 {[%emt 0:00:04]} 31. h6 {[%emt 0:00:15]} Be5 {[%emt 0:01:12]} 32. h7 {[%emt 0:00:27]} Rh8 {[%emt 0:00:24]} 33. b5 {[%emt 0:01:00]} Ke7 34. a4 {[%emt 0:00:25]} Ra8 {[%emt 0:01:55]} 35. a5 {[%emt 0:00:05]} Bh8 {[%emt 0:00:11]} 36. b6 {[%emt 0:02:30]} Kd6 {[%emt 0:00:28]} 37. b7 {[%emt 0:00:36]} Rd8 {[%emt 0:00:06]} 38. a6 {[%emt 0:00:34]} Kc7 {[%emt 0:00:06]} 39. Rf1 {[%emt 0:00:10]} Rf8 {[%emt 0:00:11]} 40. Ba3 {[%emt 0:00:04]} 1-0

[Event "Accentus Young Masters 2019"]
[Site "Bad Ragaz"]
[Date "2019.02.28"]
[Round "2.4"]
[White "Colmenares, Aurelio"]
[Black "Stijve, Theo"]
[Result "0-1"]
[WhiteElo "2335"]
[BlackElo "2333"]
[Annotator "TA"]
[PlyCount "82"]
[EventDate "2019.02.27"]
[EventType "tourn"]
[EventCountry "SUI"]
[SourceTitle "playchess.com"]
[Source "ChessBase"]
[SourceQuality "1"]

{[%evp 15,82,22,23,-2,24,18,62,18,93,25,0,24,26,-27,-39,-53,-32,-35,-36,-33,-29,-28,-33,-32,-21,-92,-77,-79,-84,-85,-72,-57,-67,-77,-69,-84,-81,-84,-37,-27,-29,-47,-24,-53,-18,-64,-72,-58,-64,-98,-50,-24,0,-396,-153,-377,-378,-511,-539,-536,-436,-520,-530,-514,-458,-500,-268,-595,-527]} 1. e4 c5 2. Nf3 Nc6 3. Nc3 e6 4. d4 cxd4 5. Nxd4 Qc7 6. Be3 a6 7. a3 b5 8. Nxc6 dxc6 {LiveBook: 12 Games. B48: Sicilian: Taimanov: 5 Nc3 Qc7 6 Be3 a6 without Be2} (8... Qxc6 9. Bd3 Bb7 10. O-O Nf6 11. Re1 Rc8 12. Qf3 Bd6 13. Bd4 Qc7 14. Bxf6 gxf6 15. Qh5 Be5 16. Nd1 Ke7 17. c3 Rcg8 18. Ne3 Rg5 19. Qh3 {0-1 (47) Carlsen,M (2837)-Ding,L (2774) Saint Louis 2017}) 9. f4 e5 $146 ({Predecessor:} 9... Bb7 10. Bd3 c5 11. O-O c4 12. Be2 Bc5 13. Bxc5 Qxc5+ 14. Kh1 Ne7 15. f5 Rd8 16. Qe1 {½-½ (63) Darini,P (2478)-Karthik,K (2191) Dubai 2018}) 10. Qf3 Bd6 {[%cal Re5f4] The position is equal.} 11. O-O-O Nf6 (11... exf4 $11 12. Bb6 Qxb6 13. Rxd6 Ne7) 12. Bb6 (12. f5 $1 $16) 12... Qxb6 $11 13. Rxd6 Qc5 14. Qd3 ({White should try} 14. fxe5 Ng4 15. Qg3) 14... O-O 15. b4 Qf2 16. Qf3 Qe1+ 17. Kb2 Bg4 18. Qg3 Qxg3 19. hxg3 Rac8 20. f5 (20. Rh4 $11) 20... Rfd8 $36 {[%mdl 2048] Keeping White busy.} 21. Rxd8+ Rxd8 22. Bd3 Rd4 23. Re1 Nd7 24. Re3 Kf8 25. Ne2 Bxe2 26. Bxe2 $17 {[%mdl 4096] Endgame KRB-KRN} c5 27. c3 $1 {[%cal Rc3d4]} Rd2+ 28. Kc1 Rd6 (28... Ra2 {is more complex.} 29. c4 cxb4 30. axb4 bxc4 31. Bxc4 Ra4) 29. g4 h6 30. Kc2 c4 31. Rh3 Nf6 32. Bf3 Nh7 33. Rh1 Ng5 34. Rd1 $2 {[%mdl 8192]} (34. a4 $11 {and White has nothing to worry.}) 34... Ke7 $2 (34... Rxd1 $19 35. Kxd1 Nxf3 36. gxf3 Ke7) 35. Rxd6 $2 (35. Ra1 $17) 35... Kxd6 {KB-KN} 36. Kd2 Ke7 $1 37. Ke3 {[#]} Kf6 $1 38. Be2 {[#]} Nh7 $1 39. Kf2 Kg5 40. Kg3 Nf6 41. Bf3 $2 (41. Kf3 {nothing else works.}) 41... g6 {Precision: White = 35%, Black = 42%.} 0-1

[Event "Accentus Young Masters 2019"]
[Site "Bad Ragaz"]
[Date "2019.02.28"]
[Round "2.5"]
[White "Albornoz Cabrera, Carlos Daniel"]
[Black "Petrov, Nikita"]
[Result "1/2-1/2"]
[WhiteElo "2577"]
[BlackElo "2585"]
[Annotator "RC"]
[PlyCount "80"]
[EventDate "2019.02.27"]
[EventType "tourn"]
[EventCountry "SUI"]
[SourceTitle "playchess.com"]
[Source "ChessBase"]
[SourceQuality "1"]
[TimeControl "40/5400+30:1800+30"]

1. Nf3 {[%emt 0:00:00]} d5 {[%emt 0:00:00]} 2. d4 {[%emt 0:00:00]} Nf6 {[%emt 0:00:00]} 3. c4 {[%emt 0:00:00]} e6 {[%emt 0:00:16]} 4. Nc3 {[%emt 0:00:27]} Be7 {[%emt 0:00:31]} 5. Bg5 {[%emt 0:00:00]} Nbd7 {[%emt 0:01:55]} 6. e3 {[%emt 0:00:01]} h6 {[%emt 0:00:34]} 7. Bh4 {[%emt 0:00:06]} O-O {[%emt 0:00:40]} 8. Rc1 {[%emt 0:00:24]} c6 {[%emt 0:05:14]} 9. Bd3 {[%emt 0:01:27]} a6 {[%emt 0:01:49]} 10. cxd5 {[%emt 0:03:44]} exd5 {[%emt 0:01:26]} 11. O-O {[%emt 0:00:18]} Ne4 {[%emt 0:01:59]} 12. Bxe7 {[%emt 0:01:24]} Qxe7 {[%emt 0:00:14]} 13. Bxe4 {[%emt 0:00:28]} dxe4 {[%emt 0:00:06]} 14. Nd2 {[%emt 0:00:05]} Nf6 {[%emt 0:01:14]} 15. Qc2 {[%emt 0:05:03]} Bf5 {[%emt 0:13:47]} 16. Na4 {[%emt 0:07:29]} Nd5 {[%emt 0:05:52]} 17. Nc5 {[%emt 0:04:23]} Rfe8 {[%emt 0:04:13]} 18. a3 {[%emt 0:09:43]} b6 {[%emt 0:11:07]} 19. Na4 {[%emt 0:00:57]} Qg5 {[%emt 0:03:02]} 20. Kh1 {[%emt 0:12:36]} Re6 {[%emt 0:02:51]} 21. Nc3 {[%emt 0:02:21]} Rg6 {[%emt 0:02:36]} 22. Rg1 {[%emt 0:00:39]} Nf6 {[%emt 0:00:28]} 23. Ndxe4 {[%emt 0:12:03]} Nxe4 {[%emt 0:06:05]} 24. Nxe4 {[%emt 0:00:09]} Qh4 {[%emt 0:01:14]} 25. f3 {[%emt 0:00:29]} Re8 {[%emt 0:01:29]} 26. g4 {[%emt 0:06:35]} Bxe4 {[%emt 0:04:54]} 27. fxe4 {[%emt 0:00:23]} Rxg4 {[%emt 0:00:43]} 28. e5 {[%emt 0:03:01]} c5 {[%emt 0:13:10]} 29. Rxg4 {[%emt 0:03:15]} Qxg4 {[%emt 0:00:05]} 30. Qg2 {[%emt 0:00:52]} Qh4 {[%emt 0:07:28]} 31. Rg1 {[%emt 0:02:19]} g6 {[%emt 0:00:19]} 32. Qd5 {[%emt 0:06:03]} Kg7 {[%emt 0:03:11]} 33. Rf1 {[%emt 0:00:37]} Re6 {[%emt 0:01:30]} 34. Qf3 {[%emt 0:02:24]} Qe7 {[%emt 0:00:48]} 35. Qe4 {[%emt 0:00:47]} f6 {[%emt 0:03:51]} 36. exf6+ {[%emt 0:02:55]} Qxf6 {[%emt 0:00:04]} 37. Rxf6 {[%emt 0:00:36]} Rxe4 {[%emt 0:00:04]} 38. Rxb6 {[%emt 0:00:12]} cxd4 {[%emt 0:00:05]} 39. exd4 {[%emt 0:00:27]} Rxd4 {[%emt 0:00:08]} 40. b4 {[%emt 0:00:37]} a5 {[%emt 0:00:38]} 1/2-1/2